| 000 | 00417nam a2200169 4500 | ||
|---|---|---|---|
| 020 | _a9789370984875 | ||
| 082 |
_aM803 _bVIN/K |
||
| 100 | _aVinoy Thomas | ||
| 245 |
_aKallakadathukalam/ _cby Vinoy Thomas |
||
| 260 |
_aKottayam: _bD C Books, _c2025. |
||
| 300 | _a126p. | ||
| 650 | _aMemoirs Vinoy Thomas | ||
| 650 | _aMemoirs Malayalam | ||
| 650 | _aLiterature Malayalam | ||
| 650 | _aLiterature | ||
| 942 | _cBK | ||
| 999 |
_c181586 _d181586 |
||